00333nam a2200133Ia 4500008004100000020001500041041001200056082001100068100001200079245003500091260004700126300000800173650001800181221030s9999 xx 000 0 und d a9812406271 aEnglish a105.23 aEffy Oz 0aManagement Information Systems bThomas International Pub.aNew Delhic2002 a751 aMBA Computers